• 首页
  • 本馆介绍
  • 公告通知
  • 最新文献
  • 馆藏检索
  • 电子资源
  • 读者导购
  • 参考咨询
  • 我的图书馆
  • 登录
  • 详细信息显示
  • 放入我的书架
  • 预约/预借图书
  • 作者相关作品
  • 分类相关作品
  • 丛书相关作品
  • 出版社相关作品

书目信息

  • 表格格式
  • 工作单格式
  • 卡片格式
题名:
战后帝国主义银行
    
 
作者: ;中国人民大学财政金融教研室 , 中国银行国际金融研究所 编
分册:  
出版信息: 北京   中国财政经济出版社  1979
页数: 210页
开本: 19cm
丛书名: 国际金融知识丛书
单 册:
中图分类: F831.1
科图分类:
主题词: 金融 , 银行
电子资源:
ISBN:
000 00857nam2 2200265 45
001 0179007795
005 20060802103845.14
010    @dCNY0.64
091    @a4166.098
100    @a19950714d1979 em y0chiy0121 ea
101 0  @achi
102    @aCN@b110000
105    @ay z 000yy
200 10 @a战后帝国主义银行@Azhan hou di guo zhu yi yin hang@f中国人民大学财政金融教研室,中国银行国际金融研究所编
210    @a北京@c中国财政经济出版社@d1979
215    @a210页@d19cm
225 2  @a国际金融知识丛书
410  0 @120010@a国际金融知识丛书
606 0  @a金融
606 0  @a银行
690    @aF831.1
711 02 @a中国人民大学财政金融教研室@Azhong guo ren min da xue cai zheng jin rong jiao yan shi@4编
711 02 @a中国银行国际金融研究所@Azhong guo yin hang guo ji jin rong yan jiu suo@4编
801  0 @aCN@bNLC@c20060802
905    @f1@b14836@dF831.1@e14
    
    战后帝国主义银行/中国人民大学财政金融教研室,中国银行国际金融研究所编.-北京:中国财政经济出版社,1979
    210页;19cm.-(国际金融知识丛书)
    
    
    ISBN :CNY0.64
    
●
相关链接 在E读中查询图书 在五车中查询图书 在当当中查询图书 在豆瓣中查询图书


正题名:战后帝国主义银行     索取号:F831.1/14         预约/预借

序号 登录号 条形码 馆藏地/架位号 状态 备注
1 0014836   001921852   密集书库/ [索取号:F831.1/14] 在馆    
2 0441300   204413009   密集书库/ [索取号:F831.1/14] 在馆    
唐山师范学院图书馆 欢迎您!
大连网信软件有限公司© 版权所有